Wellington Airport New Zealand - All International Destinations - Statistics

General Stats
  • This quiz has been taken 250 times
  • The average score is 6 of 7
Answer Stats
Airline(s) Answer % Correct
Air New Zealand, Qantas Sydney
99%
Air New Zealand, Qantas Melbourne
98%
Singapore Airlines Singapore
98%
Virgin Australia Brisbane
95%
Fiji Airways Nadi
69%
Jetstar Airways Gold Coast
63%
Singapore Airlines Canberra
54%
No matching quizzes found
Score Distribution
Percent of People with Each Score
Percentile by Number Answered
Your Score History
You have not taken this quiz